|
|
|
|
| LEADER |
00000naa2a2200000 4500 |
| 001 |
427485 |
| 005 |
20231101074645.0 |
| 035 |
|
|
|a (RuTPU)RU\TPU\prd\86718
|
| 035 |
|
|
|a RU\TPU\prd\86717
|
| 090 |
|
|
|a 427485
|
| 100 |
|
|
|a 20100916a2009 k y0rusy50 ca
|
| 101 |
0 |
|
|a rus
|
| 102 |
|
|
|a RU
|
| 200 |
1 |
|
|a Опыт функционирования инновационной инфраструктуры Томского политехнического университета
|d The experience on functioning of the innovation infrastructure of the Tomsk Polytechnic University
|f В. А. Власов [и др.]
|
| 320 |
|
|
|a Библиогр.: 4 назв.
|
| 461 |
|
0 |
|0 (RuTPU)RU\TPU\prd\46380
|t Инновации
|o журнал об инновационной деятельности
|d 2006-
|
| 463 |
|
1 |
|0 (RuTPU)RU\TPU\prd\66409
|t № 2
|v С. 11-15
|d 2009
|
| 610 |
1 |
|
|a труды учёных ТПУ
|
| 701 |
|
1 |
|a Власов
|b В. А.
|c российский ученый в области физики и химии плазмы, молекулярной физики
|c профессор Томского политехнического университета
|f 1958-
|g Виктор Алексеевич
|2 stltpush
|3 (RuTPU)RU\TPU\pers\26576
|4 070
|
| 701 |
|
1 |
|a Дмитриенко
|b В. П.
|4 070
|
| 701 |
|
1 |
|a Негруль
|b В. В.
|4 070
|
| 701 |
|
1 |
|a Селиванова
|b Е. Е.
|4 070
|
| 801 |
|
1 |
|a RU
|b 63413507
|c 20100315
|
| 801 |
|
2 |
|a RU
|b 63413507
|c 20111208
|g RCR
|
| 942 |
|
|
|c BK
|